000 00267nam a22001217a 4500
008 180307b xxu||||| |||| 00| 0 eng d
041 _aeng
080 _a61
100 _a4
101 _aSHM
245 _aDiabetes type II& what to do
_cValentine,V
942 _2udc
_cBK
999 _c44256
_d44256